The Sociology of Crime and Deviance : (Record no. 3934)

MARC details
000 -LEADER
fixed length control field 00842nam a2200289 a 4500
001 - CONTROL NUMBER
control field 3081300
003 - CONTROL NUMBER IDENTIFIER
control field OSt
005 - DATE AND TIME OF LATEST TRANSACTION
control field 20161123142951.0
008 - FIXED-LENGTH DATA ELEMENTS--GENERAL INFORMATION
fixed length control field 950823s1995 enk b 000 0 eng d
010 ## - LIBRARY OF CONGRESS CONTROL NUMBER
LC control number 97189287
015 ## - NATIONAL BIBLIOGRAPHY NUMBER
National bibliography number GB96-11959
020 ## - INTERNATIONAL STANDARD BOOK NUMBER
International Standard Book Number 1874529523
035 ## - SYSTEM CONTROL NUMBER
System control number (OCoLC)33027559
040 ## - CATALOGING SOURCE
Original cataloging agency UkCoU
Transcribing agency UkCoU
Modifying agency DLC
042 ## - AUTHENTICATION CODE
Authentication code lccopycat
050 00 - LIBRARY OF CONGRESS CALL NUMBER
Classification number HV6025
Item number .S573 1995
082 00 - DEWEY DECIMAL CLASSIFICATION NUMBER
Classification number 301
Edition number 21
Item number SOC 1995
100 ## - MAIN ENTRY--PERSONAL NAME
Personal name Edited by Susan Caffrey; Gary Mundy
9 (RLIN) 11313
245 04 - TITLE STATEMENT
Title The Sociology of Crime and Deviance :
Remainder of title selected issues
Statement of responsibility, etc. .
260 ## - PUBLICATION, DISTRIBUTION, ETC. (IMPRINT)
Name of publisher, distributor, etc. New York University Press,
Date of publication, distribution, etc. 1995.
300 ## - PHYSICAL DESCRIPTION
Extent xiii, 503 p. :
Other physical details ill. ;
Dimensions 25 cm.
504 ## - BIBLIOGRAPHY, ETC. NOTE
Bibliography, etc Includes bibliographies.
650 #0 - SUBJECT ADDED ENTRY--TOPICAL TERM
Topical term or geographic name as entry element Sociology
9 (RLIN) 8615
650 #0 - SUBJECT ADDED ENTRY--TOPICAL TERM
Topical term or geographic name as entry element Social deviant
9 (RLIN) 8617
906 ## - LOCAL DATA ELEMENT F, LDF (RLIN)
a 7
b cbc
c copycat
d 2
e ncip
f 19
g y-gencatlg
942 ## - ADDED ENTRY ELEMENTS (KOHA)
Source of classification or shelving scheme Dewey Decimal Classification
Koha item type Short Loan
Holdings
Withdrawn status Lost status Source of classification or shelving scheme Damaged status Not for loan Home library Current library Date acquired Inventory number Total Checkouts Full call number Barcode Date last seen Koha item type
    Dewey Decimal Classification     MUST Main Library MUST Main Library 10/05/2016 02/16876   301 SOC 1995 2016-1691 10/05/2016 Short Loan